Statistics for The United States by Picture

Click here to take the quiz!

General Stats

  • This quiz has been taken 26 times
  • The average score is 14 of 18

Answer Stats

Answer% Correct
Seattle
96%
Starbucks
96%
Dwayne Johnson
92%
Grand Canyon
92%
Thomas Edison
88%
Dwight D. Eisenhower
83%
Missouri
83%
New Mexico
83%
St. Louis
83%
Justin Timberlake
79%
Yosemite
79%
Denali
75%
Bernie Sanders
71%
New York Yankees
71%
The Alamo
71%
Iwo Jima
58%
Southwest
58%
Wilt Chamberlain
46%

Score Distribution

Percentile by Number Answered

Percent of People with Each Score

Your Score History

You have not taken this quiz